| 000 | 00574nam 22001693 4500 | ||
|---|---|---|---|
| 001 | 199431 | ||
| 090 | _a199431 | ||
| 100 | _a20251205d u||y0pory50 ba | ||
| 200 |
_aBrinquedos caboverdianos _forganização Museu Nacional do Traje |
||
| 210 |
_aLisboa _cMuseu Nacional do Traje _d1987 |
||
| 215 |
_a23 p. _cil. ; brochado _d21 cm |
||
| 606 |
_92051 _aAntropologia Cultural. Etnologia. Etnografia. Usos e Costumes. Tradições. Modo de vida. Folclore |
||
| 675 |
_a39 _vPT _zpor |
||
| 710 |
_913096 _aMuseu Nacional do Traje |
||
| 801 |
_aPT _bBMMN _gRPC |
||
| 830 | _cVanda | ||
| 990 | _cLIVROS | ||